Тепловое воздействие на биоткань от наночастицы, нагреваемой периодическим импульсным излучением лазера; Известия вузов. Физика; Т. 59, № 8
| Parent link: | Известия вузов. Физика: научный журнал/ Национальный исследовательский Томский государственный университет (ТГУ).— , 1957- Т. 59, № 8.— 2016.— [С. 84-89] |
|---|---|
| Autore principale: | |
| Ente Autore: | |
| Altri autori: | , |
| Riassunto: | Заглавие с экрана Численно решена задача теплового взаимодействия между нагреваемой импульсным периодическим лазерным излучением золотой наночастицей и биотканью, в которую помещена наночастица. Получена линейная зависимость между временем разогрева среды и отношением времени между импульсами лазерного излучения ко времени импульса для частиц, равноотстоящих друг от друга в биоткани. Из численных расчетов прогрева биоткани одиночной частицей, нагреваемой периодическим лазерным излучением, проведена оценка расстояния между частицами для эффективного теплового поражения биоткани. Режим доступа: по договору с организацией-держателем ресурса |
| Lingua: | russo |
| Pubblicazione: |
2016
|
| Soggetti: | |
| Accesso online: | http://elibrary.ru/item.asp?id=26691168 |
| Natura: | Elettronico Capitolo di libro |
| KOHA link: | https://koha.lib.tpu.ru/cgi-bin/koha/opac-detail.pl?biblionumber=650570 |
MARC
| LEADER | 00000naa0a2200000 4500 | ||
|---|---|---|---|
| 001 | 650570 | ||
| 005 | 20250314111129.0 | ||
| 035 | |a (RuTPU)RU\TPU\network\15788 | ||
| 090 | |a 650570 | ||
| 100 | |a 20161010d2016 k||y0rusy50 ca | ||
| 101 | 0 | |a rus | |
| 102 | |a RU | ||
| 135 | |a drcn ---uucaa | ||
| 181 | 0 | |a i | |
| 182 | 0 | |a b | |
| 200 | 1 | |a Тепловое воздействие на биоткань от наночастицы, нагреваемой периодическим импульсным излучением лазера |f А. Ю. Крайнов, А. В. Шаповалов, К. М. Моисеева | |
| 203 | |a Текст |c электронный | ||
| 300 | |a Заглавие с экрана | ||
| 320 | |a [Библиогр.: с. 89 (12 назв.)] | ||
| 330 | |a Численно решена задача теплового взаимодействия между нагреваемой импульсным периодическим лазерным излучением золотой наночастицей и биотканью, в которую помещена наночастица. Получена линейная зависимость между временем разогрева среды и отношением времени между импульсами лазерного излучения ко времени импульса для частиц, равноотстоящих друг от друга в биоткани. Из численных расчетов прогрева биоткани одиночной частицей, нагреваемой периодическим лазерным излучением, проведена оценка расстояния между частицами для эффективного теплового поражения биоткани. | ||
| 333 | |a Режим доступа: по договору с организацией-держателем ресурса | ||
| 461 | |t Известия вузов. Физика |o научный журнал |f Национальный исследовательский Томский государственный университет (ТГУ) |d 1957- | ||
| 463 | |t Т. 59, № 8 |v [С. 84-89] |d 2016 | ||
| 610 | 1 | |a электронный ресурс | |
| 610 | 1 | |a труды учёных ТПУ | |
| 610 | 1 | |a биоткани | |
| 610 | 1 | |a лазерное излучение | |
| 610 | 1 | |a тепловое взаимодействие | |
| 700 | 1 | |a Крайнов |b А. Ю. |g Алексей Юрьевич | |
| 701 | 1 | |a Шаповалов |b А. В. |c математик |c профессор Томского политехнического университета, доктор физико-математических наук |f 1949- |g Александр Васильевич |3 (RuTPU)RU\TPU\pers\24404 |9 10790 | |
| 701 | 1 | |a Моисеева |b К. М. |g Ксения Михайловна | |
| 712 | 0 | 2 | |a Национальный исследовательский Томский политехнический университет |b Физико-технический институт |b Кафедра высшей математики и математической физики |3 (RuTPU)RU\TPU\col\18727 |9 27176 |
| 801 | 2 | |a RU |b 63413507 |c 20161010 |g RCR | |
| 856 | 4 | |u http://elibrary.ru/item.asp?id=26691168 | |
| 942 | |c CF | ||